Sourcebook of HIV/AIDS prevention programs. Vol. 2 (Record no. 691954)

MARC details
000 -LEADER
fixed length control field 00807nam a2200277Ia 4500
003 - CONTROL NUMBER IDENTIFIER
control field OSt
005 - DATE AND TIME OF LATEST TRANSACTION
control field 20220927105334.0
008 - FIXED-LENGTH DATA ELEMENTS--GENERAL INFORMATION
fixed length control field 220926b |||||||| |||| 00| 0 eng d
020 ## - INTERNATIONAL STANDARD BOOK NUMBER
International Standard Book Number 9780821374405
037 ## - SOURCE OF ACQUISITION
Terms of availability Reference Collections
040 ## - CATALOGING SOURCE
Original cataloging agency RTL
Transcribing agency RTL
Language of cataloging eng
041 ## - LANGUAGE CODE
Source of code eng
Language code of text/sound track or separate title eng
100 ## - MAIN ENTRY--PERSONAL NAME
Personal name Beasley Michael
9 (RLIN) 371784
110 ## - MAIN ENTRY--CORPORATE NAME
Corporate name or jurisdiction name as entry element WORLD BANK
245 #0 - TITLE STATEMENT
Title Sourcebook of HIV/AIDS prevention programs. Vol. 2
260 ## - PUBLICATION, DISTRIBUTION, ETC.
Place of publication, distribution, etc. Washington
Name of publisher, distributor, etc. World Bank
Date of publication, distribution, etc. 2008
300 ## - PHYSICAL DESCRIPTION
Extent "xx, 246p"
Dimensions cm.
490 ## - SERIES STATEMENT
Volume/sequential designation 01330476: V 2: Education sector- Wide approaches
700 ## - ADDED ENTRY--PERSONAL NAME
Personal name WORLD BANK
942 ## - ADDED ENTRY ELEMENTS (KOHA)
Classification part "L:4234:5, P8/UN"
Koha item type
Holdings
Withdrawn status Lost status Damaged status Not for loan Home library Current library Date acquired Serial Enumeration / chronology Total Checkouts Full call number Barcode Date last seen Price effective from Koha item type
        Ratan Tata Library Ratan Tata Library 2022-09-27 01330476: V 2: Education sector- Wide approaches   "L:4234:5 P8/UN" RT1330476 2022-09-27 2022-09-27  
Copyright @ Delhi University Library System